Score 0/15 Timer 01:00
2 Plays Today
% Correct
Peter Pan
92.3%
The Lion King
90.9%
Frozen
90.9%
Aladdin
87.7%
Pinocchio
87.6%
The Little Mermaid
87%
Beauty and the Beast
84.7%
Hercules
82.9%
% Correct
Mulan
81.7%
Bambi
75.9%
Cinderella
65.5%
Pocahontas
61%
Tangled
59%
Tarzan
59%
The Princess and the Frog
56.4%

Today's Daily Dose

Remove Ads.
Support Sporcle.
Get the best of Sporcle when you Go Orange. This ad-free experience offers more features, more stats, and more fun while also helping to support Sporcle. Thank you for becoming a member.

You're not logged in!

Compare scores with friends on all Sporcle quizzes.
OR
Log In

Show Comments

Extras

Top Quizzes Today


Score Distribution

Your Account Isn't Verified!

In order to create a playlist on Sporcle, you need to verify the email address you used during registration. Go to your Sporcle Settings to finish the process.

Report this User

Report this user for behavior that violates our Community Guidelines.

Details: